| 000 | 00506nam a22001697a 4500 | ||
|---|---|---|---|
| 020 | _a0-02-307190-7 | ||
| 082 |
_a620.0042 _bBEA _cL-5, P-63 |
||
| 100 | _aBeakley, George C | ||
| 245 |
_aEngineering and introduction to a creative profession _cGeorge C. Beakley, PE |
||
| 250 | _a3rd edition | ||
| 260 |
_aUSA _bMacmillan Publishing Co. _c1977 |
||
| 300 | _axii, 548.p: | ||
| 526 |
_a0 _b0 _c0 _d620_004200000000000_BEA |
||
| 650 |
_aMCE _9379 |
||
| 700 |
_aGeorge C. Beakley, PE _940537 |
||
| 942 |
_2ddc _cBK |
||
| 999 |
_c544794 _d544794 |
||